000 00440nam a2200181Ia 4500
003 OSt
005 20230127150022.0
008 230125s9999 xx 000 0 und d
020 _a9788185787336
040 _cSRHU
100 _aSwami Satyananda Saraswati
245 0 _aYoga Education For Children Vol-1
250 _a1st
260 _bYoga Publications Trust Munger Bihar
260 _c2013
300 _aviii 302
942 _cYS
_2ddc
999 _c16864
_d16864